| 000 | 02108nam a2200637 i 4500 | ||
|---|---|---|---|
| 001 | 3799 | ||
| 003 | KOSZ 005 | ||
| 005 | 20210701104610.0 | ||
| 008 | 200818s1988 pl a f 001 0 pol | ||
| 015 | _aUWD 1989/323 | ||
| 020 | _a8301081295 | ||
| 035 | _a991002505999705066 | ||
| 035 | _a(PL-WaBN)b10688432-48omnis_nlop | ||
| 035 | _ab10688432 | ||
| 035 | _a(OCoLC)749447261 | ||
| 035 | _a(PL)b0000001068843 | ||
| 035 | _a(EXLNZ-48OMNIS_NETWORK)9910518958105606 | ||
| 040 |
_aWA N _cWA N _dKOSZ 005/AR |
||
| 046 | _k1988 | ||
| 080 | _a54 | ||
| 080 | _a547 | ||
| 080 | _a66 | ||
| 080 | _a661 | ||
| 080 | _a661.7 | ||
| 080 | _a66.01/.09 | ||
| 080 | _a66.08/.09 | ||
| 080 | _a(075.8) | ||
| 100 | 1 |
_aRopuszyński, Stanisław _eAutor |
|
| 245 | 1 | 0 |
_aChemia i technologia podstawowej syntezy organicznej / _cStanisław Ropuszyński. |
| 250 | _aWydanie 2. | ||
| 260 |
_aWarszawa : _bPaństwowe Wydawnictwo Naukowe, _c1988. |
||
| 300 |
_a517, [3] strony : _bilustracje ; _c24 cm. |
||
| 336 |
_aTekst _btxt _2rdacontent |
||
| 337 |
_aBez urządzenia pośredniczącego _bn _2rdamedia |
||
| 338 |
_aWolumin _bnc _2rdacarrier |
||
| 380 | _aKsiążki | ||
| 380 | _aPublikcje dydaktyczne | ||
| 380 | _aPublikacje naukowe | ||
| 385 |
_mPoziom nauczania _aSzkoły wyższe |
||
| 388 | _a1901-2000 | ||
| 388 | _a1945-1989 | ||
| 504 | _aBibliografia na stronach 517-[518]. Indeks. | ||
| 521 | _aSkrypt centralny dla studentów wydziałów chemicznych wyższych szkół technicznych. | ||
| 536 | _aTytuł dotowany przez Ministra Edukacji Narodowej | ||
| 650 | 7 |
_aChemia _2DBN |
|
| 650 | 7 | _aZwiązki chemiczne | |
| 650 | 7 |
_aSynteza organiczna _2DBN |
|
| 650 | 7 |
_aTechnologia chemiczna _2DBN |
|
| 650 | 7 |
_aTechnologia chemiczna organiczna _2DBN |
|
| 655 | 7 |
_aPodręczniki akademickie _2DBN |
|
| 658 | _aChemia | ||
| 710 |
_aPaństwowe Wydawnictwo Naukowe _4pbl |
||
| 856 |
_uhttp://koha.tu.koszalin.pl/cgi-bin/koha/opac-detail.pl?biblionumber=3799 _yKatalog online BPK |
||
| 942 |
_2UKD _cKS |
||
| 999 |
_c3799 _d3799 |
||